Statistics for All Hail King Julien Characters by Catch Phrase

Click here to take the quiz!

General Stats

  • This quiz has been taken 6 times
  • The average score is 5 of 10

Answer Stats

CatchphraseAnswer% Correct
Feeeet!Mort
100%
On it!Clover
67%
Nope. Not doin' this.Hector
50%
I'm in the dark, here!Pancho
50%
We're all gonna DIE!!!
What the heck, man?!
Willie
50%
Spring Break!!!Xixi
50%
Gotta go to work.Butterfish
33%
... out of a CAVE!!!!!Doctor S
33%
This! Is! Happening!Fred
33%
Stupid! Stupid! Stupid!King Joey
33%

Score Distribution

Percentile by Number Answered

Percent of People with Each Score

Your Score History

You have not taken this quiz